[Event "World Cup U18 Prel"]
[Site "Tornelo INT"]
[Date "2021.08.18"]
[Round "6"]
[White "Arya, Nirag Shah"]
[Black "Washimkar, Arhant"]
[Result "0-1"]
[WhiteElo "1909"]
[BlackElo "1671"]
[PlyCount "64"]
[EventDate "2021.08.16"]
[EventType "swiss (rapid)"]
[EventRounds "10"]
[EventCountry "NET"]
[SourceTitle "CBM 203 Extra"]
[Source "ChessBase"]
[SourceDate "2021.09.30"]
[SourceVersion "1"]
[SourceVersionDate "2021.09.30"]
[SourceQuality "1"]

1. d4 Nf6 2. Bg5 e6 3. Nd2 d5 4. e3 Be7 5. Bd3 0-0 6. f4 b6 7. Ngf3 Bb7 8. 0-0 Nbd7 9. Ne5 c5 10. c3 Ne4 11. Bxe7 Qxe7 12. Qc2 f5 13. Bxe4 fxe4 14. Nxd7 Qxd7 15. Rfd1 Rac8 16. Qb3 Qf7 17. Qa3 Ba8 18. Rac1 g5 19. Rf1 Qg7 20. Qa6 gxf4 21. exf4 cxd4 22. Qe2 dxc3 23. bxc3 Rf7 24. c4 Rcf8 25. cxd5 exd5 26. Qe3 d4 27. Qg3 Qxg3 28. hxg3 e3 29. Nf3 d3 30. Rfd1 Bxf3 31. gxf3 d2 32. Rc3 e2 0-1

[Event "World Cup U18 Prel"]
[Site "Tornelo INT"]
[Date "2021.08.18"]
[Round "5"]
[White "Salima, Praise"]
[Black "Arya, Nirag Shah"]
[Result "0-1"]
[WhiteElo "1441"]
[BlackElo "1909"]
[PlyCount "76"]
[EventDate "2021.08.16"]
[EventType "swiss (rapid)"]
[EventRounds "10"]
[EventCountry "NET"]
[SourceTitle "CBM 203 Extra"]
[Source "ChessBase"]
[SourceDate "2021.09.30"]
[SourceVersion "1"]
[SourceVersionDate "2021.09.30"]
[SourceQuality "1"]

1. Nf3 d5 2. g3 Bg4 3. Bg2 c6 4. 0-0 Nf6 5. d4 h6 6. c4 e6 7. Nc3 Be7 8. Qc2 0-0 9. e3 Nbd7 10. c5 Bf5 11. Qd2 Ne4 12. Nxe4 Bxe4 13. b4 a5 14. Bb2 axb4 15. Qxb4 b6 16. Nd2 Bxg2 17. Kxg2 bxc5 18. dxc5 Nxc5 19. Qd4 f6 20. Qg4 e5 21. Nf3 Qd7 22. Qg6 Ne4 23. Nh4 Nd6 24. Kg1 c5 25. Qd3 d4 26. exd4 cxd4 27. Ng6 Rfe8 28. f4 Bd8 29. fxe5 fxe5 30. Rf3 Bf6 31. Raf1 e4 32. Qb3+ Qe6 33. Qxe6+ Rxe6 34. Nf4 Ree8 35. Rb3 Nc4 36. Re1 Nxb2 37. Rxb2 d3 38. Rd2 Bc3 0-1

[Event "World Cup U18 Prel"]
[Site "Tornelo INT"]
[Date "2021.08.17"]
[Round "4"]
[White "Arya, Nirag Shah"]
[Black "Arunakirinathan, Aruthran"]
[Result "0-1"]
[WhiteElo "1909"]
[BlackElo "1509"]
[PlyCount "44"]
[EventDate "2021.08.16"]
[EventType "swiss (rapid)"]
[EventRounds "10"]
[EventCountry "NET"]
[SourceTitle "CBM 203 Extra"]
[Source "ChessBase"]
[SourceDate "2021.09.30"]
[SourceVersion "1"]
[SourceVersionDate "2021.09.30"]
[SourceQuality "1"]

1. d4 d5 2. Bf4 Nf6 3. e3 c5 4. Nc3 Nc6 5. Nb5 e5 6. dxe5 a6 7. Nc3 Nd7 8. Qxd5 Nb4 9. Qd2 Be7 10. Nf3 0-0 11. a3 Nc6 12. Bc4 Kh8 13. Rd1 g5 14. e6 fxe6 15. Bxe6 gxf4 16. Bxd7 fxe3 17. fxe3 Bh4+ 18. Kf1 Ne5 19. Bxc8 Qxc8 20. Ke2 Nxf3 21. gxf3 Qh3 22. Rdf1 Rad8 0-1

[Event "Wch FIDE Online U18 Asia qual"]
[Site "Tornelo INT"]
[Date "2020.12.13"]
[Round "6"]
[White "Yazan, Abo Khalaf"]
[Black "Arya, Nirag Shah"]
[Result "1/2-1/2"]
[WhiteElo "1688"]
[BlackElo "1909"]
[PlyCount "123"]
[EventDate "2020.12.11"]
[EventType "swiss (rapid)"]
[EventRounds "7"]
[EventCountry "ISS"]
[SourceTitle "EXT 2022"]
[Source "ChessBase"]
[SourceDate "2021.10.06"]
[SourceVersion "1"]
[SourceVersionDate "2021.10.06"]
[SourceQuality "1"]

1. d4 d5 2. e3 Nf6 3. f4 c5 4. c3 e6 5. Nf3 Bd6 6. Bd3 0-0 7. 0-0 Ne4 8. Nbd2 f5 9. Ne5 Nc6 10. Ndf3 a6 11. Bd2 Qc7 12. Rc1 b5 13. b3 c4 14. Bc2 Bb7 15. a4 Bxe5 16. Nxe5 Nxe5 17. fxe5 Rac8 18. Bxe4 fxe4 19. axb5 axb5 20. bxc4 Qxc4 21. Qg4 Qc6 22. Rf4 Ba6 23. h3 Ra8 24. Rcf1 Qd7 25. Rf6 Rae8 26. Be1 Bc8 27. Bh4 Rxf6 28. Bxf6 Rf8 29. h4 Kh8 30. Bg5 Rxf1+ 31. Kxf1 Qf7+ 32. Qf4 Kg8 33. Qxf7+ Kxf7 34. Bf4 Ba6 35. Ke1 Kg6 36. g4 h5 37. gxh5+ Kxh5 38. Bg5 Kg4 39. Kf2 Bc8 40. Ke1 Bd7 41. Ke2 Be8 42. Kf2 Bh5 43. Kg2 Bg6 44. Kf2 Kh3 45. Be7 Bh5 46. Bd8 g6 47. Bg5 Bf3 48. Bf6 Kh2 49. Be7 Kh3 50. Bd8 Kg4 51. Bg5 Bd1 52. Bf6 Kf5 53. Kg3 Bh5 54. Be7 Bd1 55. Bd8 Bc2 56. Be7 Bb3 57. Bf6 Bc2 58. Be7 Bd1 59. Bd8 Bh5 60. Be7 Bf3 61. Bf6 Be2 62. Bg5 1/2-1/2

[Event "Online Olym Div4 A"]
[Site "Chess.com INT"]
[Date "2020.08.01"]
[Round "4.2"]
[White "Zazali, Abdul Zahirul"]
[Black "Arya, Nirag Shah"]
[Result "0-1"]
[WhiteElo "1629"]
[BlackElo "1909"]
[PlyCount "76"]
[EventDate "2020.07.31"]
[EventType "team-tourn (rapid)"]
[EventRounds "9"]
[EventCountry "USA"]
[SourceTitle "CBM 198"]
[Source "ChessBase"]
[SourceDate "2020.10.31"]
[SourceVersion "1"]
[SourceVersionDate "2020.10.31"]
[SourceQuality "1"]
[WhiteTeam "Brunei"]
[BlackTeam "Hong Kong"]
[WhiteTeamCountry "BRN"]
[BlackTeamCountry "HKG"]

1. e4 d5 2. exd5 Nf6 3. Bc4 Nxd5 4. Nf3 Bg4 5. d4 e6 6. c3 Be7 7. Nbd2 0-0 8. Qb3 Nb6 9. 0-0 Nc6 10. Bd3 Bh5 11. Re1 Bg6 12. Bxg6 hxg6 13. Ne4 Rc8 14. Bf4 Na5 15. Qc2 Nac4 16. Rad1 Nd6 17. Neg5 Nd5 18. Bc1 c5 19. Qe2 cxd4 20. Rxd4 Nf5 21. Rdd1 Bxg5 22. Nxg5 Qb6 23. g4 Nfe7 24. Qd3 Rfd8 25. Qh3 Nf6 26. Be3 Rxd1 27. Rxd1 Qxb2 28. Bd4 Qc2 29. Rf1 Ned5 30. f4 Qe2 31. Bxf6 Nxf6 32. Nf3 Qe3+ 33. Kg2 Rxc3 34. g5 Nh5 35. Qg4 Nxf4+ 36. Kg3 Nh5+ 37. Kh4 Qd3 38. Ne5 Qxf1 0-1

[Event "FISCA Online op"]
[Site "Chess.com INT"]
[Date "2020.06.26"]
[Round "7"]
[White "Arya, Nirag Shah"]
[Black "Dima, Ioan Radu"]
[Result "1-0"]
[WhiteElo "1909"]
[BlackElo "1486"]
[PlyCount "57"]
[EventDate "2020.06.19"]
[EventType "swiss"]
[EventRounds "9"]
[EventCountry "ROU"]
[SourceTitle "CBM 197 Extra"]
[Source "ChessBase"]
[SourceDate "2020.09.30"]
[SourceVersion "1"]
[SourceVersionDate "2020.09.30"]
[SourceQuality "1"]

1. d4 c5 2. c3 e6 3. Nf3 d5 4. Bf4 Nc6 5. Nbd2 Be7 6. e3 Nf6 7. Bd3 0-0 8. Ne5 Bd6 9. Qf3 Qc7 10. Nxc6 Qxc6 11. Bg5 Be7 12. 0-0 h6 13. Bf4 Bd6 14. Bxh6 e5 15. dxe5 Bxe5 16. Bf4 Bxf4 17. Qxf4 g6 18. Nf3 Kg7 19. Ne5 Qe6 20. c4 Re8 21. Nf3 Nh5 22. Qh4 Rh8 23. cxd5 Qxd5 24. Bc4 Qd6 25. Rad1 Qc7 26. Qe4 Nf6 27. Qe5 Qb6 28. Rd6 Qxb2 29. Qxb2 1-0

[Event "Nis op"]
[Site "Nis"]
[Date "2019.07.04"]
[Round "9"]
[White "Arya, Nirag Shah"]
[Black "Radovic, Stefan"]
[Result "1/2-1/2"]
[WhiteElo "1865"]
[BlackElo "2031"]
[PlyCount "32"]
[EventDate "2019.06.25"]
[EventType "swiss"]
[EventRounds "9"]
[EventCountry "SRB"]
[SourceTitle "EXT 2020"]
[Source "ChessBase"]
[SourceDate "2019.10.17"]
[SourceVersion "1"]
[SourceVersionDate "2019.10.17"]
[SourceQuality "1"]

1. d4 f5 2. Nc3 Nf6 3. Nf3 e6 4. Bg5 Be7 5. Qd2 0-0 6. 0-0-0 c5 7. Bxf6 Bxf6 8. e4 fxe4 9. Nxe4 Bxd4 10. Nxd4 cxd4 11. Qxd4 Nc6 12. Qd6 Qe7 13. Qxe7 Nxe7 14. f3 d5 15. Nc5 b6 16. Nd3 Nf5 1/2-1/2

[Event "Nis op"]
[Site "Nis"]
[Date "2019.06.28"]
[Round "4"]
[White "Ankitha, Goud Palle"]
[Black "Arya, Nirag Shah"]
[Result "1/2-1/2"]
[WhiteElo "1741"]
[BlackElo "1865"]
[PlyCount "22"]
[EventDate "2019.06.25"]
[EventType "swiss"]
[EventRounds "9"]
[EventCountry "SRB"]
[SourceTitle "EXT 2020"]
[Source "ChessBase"]
[SourceDate "2019.10.17"]
[SourceVersion "1"]
[SourceVersionDate "2019.10.17"]
[SourceQuality "1"]

1. Nf3 b6 2. g3 Bb7 3. Bg2 e6 4. 0-0 f5 5. d4 Nf6 6. c4 Be7 7. Nc3 0-0 8. Bg5 Ne4 9. Bxe7 Qxe7 10. Nxe4 Bxe4 11. Qd2 d6 1/2-1/2

[Event "Nis op"]
[Site "Nis"]
[Date "2019.06.26"]
[Round "2"]
[White "Milovanovic, Srboljub"]
[Black "Arya, Nirag Shah"]
[Result "1/2-1/2"]
[WhiteElo "2069"]
[BlackElo "1865"]
[PlyCount "45"]
[EventDate "2019.06.25"]
[EventType "swiss"]
[EventRounds "9"]
[EventCountry "SRB"]
[SourceTitle "EXT 2020"]
[Source "ChessBase"]
[SourceDate "2019.10.17"]
[SourceVersion "1"]
[SourceVersionDate "2019.10.17"]
[SourceQuality "1"]

1. d4 d5 2. Nf3 Nf6 3. c4 dxc4 4. e3 b5 5. a4 c6 6. axb5 cxb5 7. b3 Be6 8. Nfd2 Bd5 9. bxc4 bxc4 10. Nxc4 e6 11. Nc3 Bb4 12. Bd2 Bxc3 13. Bxc3 Nc6 14. Bd3 Rc8 15. 0-0 Be4 16. f3 Bxd3 17. Qxd3 Nd5 18. e4 Nf4 19. Qe3 0-0 20. Kh1 Nxd4 21. Qxd4 Qxd4 22. Bxd4 Rxc4 23. Bxa7 1/2-1/2

[Event "Veliko Gradiste Silver Lake op-A"]
[Site "Veliko Gradiste"]
[Date "2019.06.17"]
[Round "2"]
[White "Krstic, Milos M"]
[Black "Arya, Nirag Shah"]
[Result "1-0"]
[WhiteElo "2048"]
[BlackElo "1865"]
[PlyCount "119"]
[EventDate "2019.06.16"]
[EventType "swiss"]
[EventRounds "9"]
[EventCountry "SRB"]
[SourceTitle "CBM 191 Extra"]
[Source "ChessBase"]
[SourceDate "2019.09.30"]
[SourceVersion "1"]
[SourceVersionDate "2019.09.30"]
[SourceQuality "1"]

1. e4 c5 2. Nf3 d6 3. d4 Nf6 4. Nc3 cxd4 5. Nxd4 Nc6 6. Bg5 Bd7 7. Qd2 Rc8 8. f4 Nxd4 9. Qxd4 Qa5 10. e5 dxe5 11. fxe5 e6 12. 0-0-0 Bc5 13. Qh4 Nd5 14. Nxd5 exd5 15. Kb1 Be6 16. Bd3 Qb4 17. Qxb4 Bxb4 18. Bb5+ Kf8 19. Be3 Bc5 20. Rhe1 Bxe3 21. Rxe3 Ke7 22. c3 Rhd8 23. Rd4 Bf5+ 24. Kc1 Be4 25. Rg3 g6 26. Bd3 Bxd3 27. Rgxd3 Ke6 28. Rf3 Rd7 29. Re3 Rc6 30. Kd2 Ra6 31. a4 Rc6 32. Rf4 h5 33. b3 Ke7 34. Ref3 Ke6 35. Re3 Ke7 36. Kd3 Rdc7 37. Kd4 Rb6 38. Ref3 Ke8 39. b4 Rbc6 40. Rf6 Rc4+ 41. Kxd5 Rxc3 42. Rxf7 Rxf7 43. Rxc3 Rd7+ 44. Ke6 Re7+ 45. Kf6 Rf7+ 46. Kxg6 Rf4 47. Rc7 Rxb4 48. Kf6 Kd8 49. Rh7 Rb2 50. Rh8+ Kd7 51. e6+ Kd6 52. Rd8+ Kc7 53. Rd7+ Kc8 54. Rd4 Rxg2 55. e7 Rf2+ 56. Kg6 Rg2+ 57. Kh7 Re2 58. Rd8+ Kc7 59. e8Q Rxe8 60. Rxe8 1-0

[Event "Mumbai Wealth op 4th"]
[Site "Mumbai"]
[Date "2019.01.04"]
[Round "6"]
[White "Arya, Nirag Shah"]
[Black "Ahsan, Ali Jewel"]
[Result "1-0"]
[WhiteElo "1812"]
[BlackElo "1363"]
[PlyCount "57"]
[EventDate "2018.12.30"]
[EventType "swiss"]
[EventRounds "9"]
[EventCountry "IND"]
[SourceTitle "CBM 188 Extra"]
[Source "ChessBase"]
[SourceDate "2019.02.28"]
[SourceVersion "1"]
[SourceVersionDate "2019.02.28"]
[SourceQuality "1"]

1. d4 Nf6 2. Bg5 e6 3. e4 Be7 4. Nd2 0-0 5. Bd3 d5 6. e5 Nfd7 7. Bxe7 Qxe7 8. f4 Qb4 9. Ngf3 f6 10. Rb1 g6 11. h4 Rf7 12. h5 gxh5 13. Rxh5 Nf8 14. Qe2 Ng6 15. g3 Nc6 16. c3 Qe7 17. Qh2 Rg7 18. exf6 Qxf6 19. Ng5 Qe7 20. Bxg6 Qf6 21. Bxh7+ Kf8 22. Bd3 Ke7 23. Rh7 Bd7 24. Rxg7+ Qxg7 25. Qh7 Qxh7 26. Nxh7 Rg8 27. Kf2 Kf7 28. Nf3 Ne7 29. Ne5+ 1-0

[Event "Mumbai Wealth op 4th"]
[Site "Mumbai"]
[Date "2019.01.02"]
[Round "4"]
[White "Senthil, Maran K"]
[Black "Arya, Nirag Shah"]
[Result "1-0"]
[WhiteElo "2197"]
[BlackElo "1812"]
[PlyCount "119"]
[EventDate "2018.12.30"]
[EventType "swiss"]
[EventRounds "9"]
[EventCountry "IND"]
[SourceTitle "CBM 188 Extra"]
[Source "ChessBase"]
[SourceDate "2019.02.28"]
[SourceVersion "1"]
[SourceVersionDate "2019.02.28"]
[SourceQuality "1"]

1. c4 Nf6 2. Nf3 Nc6 3. d4 e6 4. Nc3 Bb4 5. Bd2 0-0 6. e3 d6 7. a3 Bxc3 8. Bxc3 Ne4 9. Qc2 Nxc3 10. Qxc3 a5 11. Be2 Qe7 12. d5 Nb8 13. 0-0 e5 14. c5 Bg4 15. Rac1 dxc5 16. Qxc5 Qxc5 17. Rxc5 c6 18. dxc6 Nxc6 19. h3 Bxf3 20. Bxf3 f6 21. Bd5+ Kh8 22. Rfc1 Rab8 23. R1c2 Rfc8 24. Bxc6 bxc6 25. Rxa5 Kg8 26. Rac5 Rb6 27. b4 Ra8 28. Rxc6 Rxc6 29. Rxc6 Rxa3 30. g4 Rb3 31. Rb6 g6 32. Rb7 f5 33. gxf5 gxf5 34. Kg2 Kf8 35. Kg3 f4+ 36. Kf3 fxe3 37. fxe3 h6 38. b5 Ke8 39. b6 Kd8 40. Ke4 Kc8 41. Rc7+ Kd8 42. Rc6 h5 43. Rh6 Kc8 44. Rxh5 Rxb6 45. Rh8+ Kd7 46. Rh7+ Ke8 47. Kxe5 Rb5+ 48. Kf4 Rb4+ 49. e4 Rb5 50. e5 Rb4+ 51. Kf5 Rb6 52. h4 Ra6 53. h5 Kf8 54. h6 Kg8 55. Rg7+ Kh8 56. Rg6 Ra1 57. e6 Rf1+ 58. Ke5 Kh7 59. Rg4 Kxh6 60. e7 1-0

[Event "Vellmar op 10th"]
[Site "Vellmar"]
[Date "2018.07.13"]
[Round "3"]
[White "Boder, Jan"]
[Black "Arya, Nirag Shah"]
[Result "0-1"]
[WhiteElo "1848"]
[BlackElo "1819"]
[PlyCount "134"]
[EventDate "2018.07.12"]
[EventType "swiss"]
[EventRounds "7"]
[EventCountry "GER"]
[SourceTitle "CBM 185 Extra"]
[Source "ChessBase"]
[SourceDate "2018.07.29"]
[SourceVersion "1"]
[SourceVersionDate "2018.07.29"]
[SourceQuality "1"]

1. c4 b6 2. Nc3 Bb7 3. e4 e6 4. d3 Ne7 5. g3 c5 6. Bg2 Nbc6 7. Nge2 Nd4 8. Nxd4 cxd4 9. Nb5 Nc6 10. 0-0 a6 11. Na3 Be7 12. Nc2 b5 13. cxb5 axb5 14. Bd2 0-0 15. f4 Qb6 16. f5 exf5 17. Rxf5 Rfc8 18. Qg4 Na5 19. Raf1 Qg6 20. Qxg6 fxg6 21. Rxb5 Rxc2 22. Bxa5 Bc6 23. Rb3 Ba4 24. e5 Rxg2+ 25. Kxg2 Bxb3 26. axb3 Rxa5 27. Rf4 Rd5 28. Re4 Kf7 29. h4 Ke6 30. Kf3 h6 31. Rg4 g5 32. hxg5 Bxg5 33. Ke4 Rb5 34. Kf3 Kxe5 35. Re4+ Kd5 36. Re1 Rxb3 37. Rd1 Rxb2 38. Ra1 Rd2 39. Ra5+ Ke6 40. Ke4 Rg2 41. Kf3 Rc2 42. Ke4 Re2+ 43. Kxd4 Rg2 44. Re5+ Kf7 45. Rd5 Bf6+ 46. Ke4 Ke6 47. Ra5 Rxg3 48. Ra6+ d6 49. Ra3 Rg4+ 50. Kf3 Rd4 51. Ke3 Rd5 52. Ra8 Bg5+ 53. Ke4 Re5+ 54. Kd4 Be3+ 55. Kc3 Rc5+ 56. Kb3 Kf6 57. Rd8 Bf4 58. Rf8+ Kg5 59. d4 Rc7 60. Ra8 h5 61. Ra5+ Kg4 62. d5 h4 63. Ra1 h3 64. Rg1+ Bg3 65. Rd1 h2 66. Ka4 Bf4 67. Kb5 Rc1 0-1